Connections: find sets of four (vol. 9) - Statistics

General Stats
  • This quiz has been taken 18 times
  • The average score is 21 of 45
Answer Stats
Question Tile Select % Correct
Pick the four items which go together. Fruit No
87%
Pick the four items which go together. Lance No
87%
Pick the four items which go together. Record No
80%
Pick the four items which go together. Reaps Yes
73%
Pick the four items which go together. Spare Yes
73%
Pick the four items which go together. Spur Yes
73%
Pick the four items which go together. Blossom No
67%
Pick the four items which go together. Drain No
67%
Pick the four items which go together. Landslide No
67%
Pick the four items which go together. Yields No
67%
Pick the four items which go together. Adventure No
60%
Pick the four items which go together. Dispel Yes
60%
Pick the four items which go together. Groan No
60%
Pick the four items which go together. Deny Yes
53%
Pick the four items which go together. Extra No
53%
Pick the four items which go together. Ranger Yes
53%
Pick the four items which go together. Spear Yes
53%
Pick the four items which go together. Surplus No
53%
Pick the four items which go together. Tunnel No
53%
Pick the four items which go together. Fascinate No
47%
Pick the four items which go together. Pears Yes
47%
Pick the four items which go together. Phone Yes
47%
Pick the four items which go together. Reason No
47%
Pick the four items which go together. Acid Yes
40%
Pick the four items which go together. Be Yes
40%
Pick the four items which go together. Grit No
40%
Pick the four items which go together. Photocopier No
40%
Pick the four items which go together. Wait No
40%
Pick the four items which go together. Have No
33%
Pick the four items which go together. Horse No
33%
Pick the four items which go together. Track No
33%
Pick the four items which go together. Wave Yes
33%
Pick the four items which go together. Wine Yes
33%
Pick the four items which go together. Wolf Yes
33%
Pick the four items which go together. Confirm Yes
27%
Pick the four items which go together. Hesitate No
27%
Pick the four items which go together. Manifestation No
27%
Pick the four items which go together. Spread Yes
27%
Pick the four items which go together. Beaker No
20%
Pick the four items which go together. Heart Yes
20%
Pick the four items which go together. Jar No
20%
Pick the four items which go together. Mushroom Yes
20%
Pick the four items which go together. Tube No
20%
Pick the four items which go together. Weed Yes
20%
Pick the four items which go together. Biology Yes
0%
No matching quizzes found
Score Distribution
Percent of People with Each Score
Percentile by Number Answered
Your Score History
You have not taken this quiz